| 000 | 00987cam a2200313 a 4500 | ||
|---|---|---|---|
| 999 |
_c12518 _d12518 |
||
| 001 | 16431067 | ||
| 003 | MAJU-Karachi | ||
| 005 | 20200922123504.0 | ||
| 008 | 100824s2012 caua b 001 0 eng | ||
| 010 | _a 2010935619 | ||
| 020 | _a9781111301552 (student ed.) | ||
| 020 | _a1111301557 (student ed.) | ||
| 020 | _a9781111302702 (looseleaf ed.) | ||
| 020 | _a1111302707 (looseleaf ed.) | ||
| 040 |
_aDLC _cDLC |
||
| 042 | _apcc | ||
| 050 | 0 | 0 |
_aBF121 _b.P794 2012 |
| 100 | _aBernstein | ||
| 245 | 0 | 0 |
_aPsychology / _cDouglas A. Bernstein ... [et al.]. |
| 250 | _a9th Ed. | ||
| 260 |
_aBelmont, CA : _bWadsworth, Cengage Learning, _c2012. |
||
| 300 |
_axxiii, 767 p. : _bill. (chiefly col.) ; _c29 cm. |
||
| 504 | _aIncludes bibliographical references and indexes. | ||
| 650 | 0 | _aPsychology. | |
| 700 | 1 | _aBernstein, Douglas A. | |
| 906 |
_a7 _bcbc _corignew _d2 _eepcn _f20 _gy-gencatlg |
||
| 942 |
_2ddc _cPSYCHOLOGY |
||